00725 2200229 4500001002100000005001500021035002000036007000300056008004100059020002200100082001000122084001600132100001700148245007200165250001000237260003300247300002700280500014900307990001300456990001300469990001300482INLIS00000000000821220220307065734 a0010-0322000231ta220307 g 0 ind  a978-602-407-533-0 a495.6 a495.6 GHY m0 aGhyna Amanda1 aMUDAH BELAJAR BAHASA JEPANG :bBersama Penutur Asli /cGhyna Amanda acet.1 aYogyakarta :bLaksana,c2019 a224hlm :bilus ;c20cm aSetiap BAB dari buku ini menggambarkan tema kegiatan mereka dalam satu bulan. Buku ini juga membahas tata bahasa sederhana yang biasa digunakan. a022.7026 a022.7025 a022.7024